000 00565nam a22002057a 4500
003 OSt
005 20180903085943.0
008 180903b xxu||||| |||| 00| 0 spa d
020 _a987-1154-63-1
040 _cBiblioteca Ernesto Sábato
092 _a301
_bP467
_eBDT
100 _aGutiérrez, Alicia comp
245 _aLa Perspectiva de Pierre Bourdieu : estudios de casos en la Patagonia
260 _aNeuquén
_bEduco
_c2005
300 _a200 p
650 _aSOCIOLOGÍA
650 _aESTUDIO DE CASOS
650 _aPATAGONIA.ARGENTINA
942 _2ddc
_cBDT
999 _c32764
_d32764